000 00569nam a2200169Ia 4500
008 090711s9999 xx 000 0 und d
082 _b74300
100 _aदिवाकर
245 _aदिवाकरंाSया नाटयछटा
260 _bकॉन्टीनेन्टल प्रकाशन
_c1959
300 _a115
600 _aदिवाकर
630 _aदिवाकरंाSया नाटयछटा
700 _aदिवाकर
730 _aदिवाकरंाSया नाटयछटा
942 _cBOOK
999 _c308439
_d308439